| 000 | 00470nam a22001937a 4500 | ||
|---|---|---|---|
| 001 | 00028469 | ||
| 005 | 20260306072541.0 | ||
| 008 | 260306b ag ||||| |||| 00| 0 spa d | ||
| 040 |
_bspa _cAR-CcCEOS |
||
| 080 | _a938 | ||
| 090 | _bKIT | ||
| 100 |
_aH. D. F. Kitto _9775 |
||
| 245 |
_aLos griegos / _cH. D. F. Kitto |
||
| 250 | _a6a ed. | ||
| 260 |
_aBuenos Aires : _bEUDEBA, _cc1962. |
||
| 300 |
_a357 p. ; _c19x13 cm. |
||
| 650 | 0 | _ahistoria | |
| 942 |
_2udc _cBK |
||
| 999 |
_c28496 _d28496 |
||
| 945 |
_a66467 _bMelina Rolando _c66467 _dMelina Rolando |
||